Music Quiz

Random Music or Lyrics Quiz
Score 0/185 Timer 10:00
4 Plays Today
% Correct
I
98%
I
98%
I
98%
I
98%
a
96.6%
the
96.2%
The
96.2%
the
96.2%
the
96.2%
The
96.2%
the
96.2%
The
96.2%
The
96.2%
the
96.2%
The
96.2%
the
96.2%
The
96.2%
the
96.2%
The
96.2%
the
96.2%
the
96.2%
you
92.8%
you
92.8%
you
92.8%
You
92.8%
can
88.6%
Can
88.6%
Can
88.6%
Can
88.6%
can
88.6%
to
87.2%
to
87.2%
to
87.2%
love
86.3%
love
86.3%
love
86.3%
love
86.3%
Love
86.3%
love
86.3%
And
84.3%
And
84.3%
And
84.3%
And
84.3%
be
81.9%
be
81.9%
he
81.6%
he
81.6%
he
81.6%
is
81.2%
is
81.2%
is
81.2%
in
80.8%
in
80.8%
in
80.8%
in
80.8%
in
80.8%
In
80.8%
see
80%
see
80%
see
80%
feel
79.5%
feel
79.5%
% Correct
feel
79.5%
It
78.9%
tonight?
78.1%
tonight?
78.1%
tonight?
78.1%
tonight
78.1%
me
73.5%
they
73.3%
they
73.3%
what,
73.2%
(what?)
73%
her
69.2%
her
69.2%
have
67.6%
of
67.5%
are
65.9%
are
65.9%
know
65.8%
(who?)
65%
don't
64.8%
Our
64.1%
our
64.1%
for
63.1%
for
63.1%
if
63%
So
62.6%
two
61.5%
where
61.5%
Why
61.2%
king
60.6%
king
60.6%
fall
60.5%
all
60.2%
all
60.2%
all
60.2%
this
60.2%
down
60%
clue
59.8%
happening
59.8%
my
59.1%
what's
58.3%
can't
58.1%
with
58.1%
With
58.1%
With
58.1%
with
58.1%
how
58%
air
56.4%
its
56%
its
56%
But
55.7%
But
55.7%
trio's
54.6%
won't
53.6%
They'll
53.4%
world,
53.4%
world,
53.4%
us
52.9%
from
52.6%
here's
50.8%
inside?
50.8%
make
50.6%
% Correct
tell
50.3%
bottom
50.3%
line
50.3%
magic
49.7%
(oh.)
49.1%
There's
48.6%
He's
47.6%
he's
47.6%
falls
47.5%
evening
47.4%
evening
47.4%
His
46.7%
things
46.7%
things
46.7%
things
46.7%
harmony
46.5%
harmony
46.5%
sweet
46.3%
perfect
46.3%
perfect
46.3%
everywhere
45.5%
back,
45.3%
Disaster's
45.3%
romantic
45.2%
hiding
45.1%
once,
44.9%
once,
44.9%
atmosphere
44.7%
twilight
44.5%
decide
44.4%
holding
44.1%
many
44%
away
43.4%
truth
43.3%
about
43.2%
caress
42.8%
past?
42.6%
too
42.1%
brings
41.7%
brings
41.7%
turn
41.7%
doomed
41.6%
living
41.6%
living
41.6%
peace
41.1%
peace
41.1%
Impossible!
40.5%
assumed
39.5%
pal
39.3%
short,
39.3%
She'd
39.2%
night's
38.4%
days
36.5%
history
34.1%
look
32.8%
far
30.8%
carefree
29.5%
through
26.6%
needn't
23.5%
uncertainties
19.3%
Stealing
19.2%
Remove Ads.
Support Sporcle.
Get the best of Sporcle when you Go Orange. This ad-free experience offers more features, more stats, and more fun while also helping to support Sporcle. Thank you for becoming a member.

You're not logged in!

Compare scores with friends on all Sporcle quizzes.
OR
Log In

Show Comments

Extras

Top Quizzes Today


Score Distribution

Your Account Isn't Verified!

In order to create a playlist on Sporcle, you need to verify the email address you used during registration. Go to your Sporcle Settings to finish the process.

Report this User

Report this user for behavior that violates our Community Guidelines.

Details: